INTERPRETING THE CONSTITUTION; THE SUPREME COURT AND THE PROCESS OF ADJUDICATION (Record no. 216550)

MARC details
000 -LEADER
fixed length control field 00675nam a22001697a 4500
008 - FIXED-LENGTH DATA ELEMENTS--GENERAL INFORMATION
fixed length control field 260205b |||||||| |||| 00| 0 eng d
020 ## - INTERNATIONAL STANDARD BOOK NUMBER
International Standard Book Number 978-0-300-05672-3
050 ## - LIBRARY OF CONGRESS CALL NUMBER
Classification number KF 4575 . W 45 1990
100 ## - MAIN ENTRY--PERSONAL NAME
Personal name WELLINGTON, HARRY H
245 ## - TITLE STATEMENT
Title INTERPRETING THE CONSTITUTION; THE SUPREME COURT AND THE PROCESS OF ADJUDICATION
260 ## - PUBLICATION, DISTRIBUTION, ETC.
Place of publication, distribution, etc. NEW HAVEN,
Name of publisher, distributor, etc. YALE UNIVERSITY PRESS,
Date of publication, distribution, etc. 1990,,
300 ## - PHYSICAL DESCRIPTION
Extent Xii, 196 P, ILL
500 ## - GENERAL NOTE
General note INCLUDES INDEX AND BIBLIOGRAPHICAL REFERENCES
650 ## - SUBJECT ADDED ENTRY
Topical term or geographic name entry element JUDICIAL REVIEW,-UNITED STATES 2. UNITED STATES-CONSTITUTIONAL LAW- INTERPRETATION AND CONSTRUTION 3. JUDICIAL PROCESS UNITED-STATESUCTION
942 ## - ADDED ENTRY ELEMENTS (KOHA)
Source of classification or shelving scheme Library of Congress Classification
Koha item type Long Loan Book
Holdings
Withdrawn status Lost status Source of classification or shelving scheme Damaged status Not for loan Collection Home library Current library Shelving location Date acquired Inventory number Total checkouts Full call number Barcode Date last seen Copy number Price effective from Koha item type
    Library of Congress Classification     Law Kisii University Library Kisii University Library On Display 02/05/2026 111473   KF 4575 .W 45 1990 50769 02/05/2026 1 02/05/2026 Long Loan Book
    Library of Congress Classification     Law Kisii University Library Kisii University Library On Display 02/05/2026 111474   KF 4575 .W 45 1990 50755 02/05/2026 2 02/05/2026 Long Loan Book
    Library of Congress Classification     Law Kisii University Library Kisii University Library On Display 02/05/2026 111475   KF 4575 .W 45 1990 50846 02/05/2026 3 02/05/2026 Long Loan Book
    Library of Congress Classification     Law Kisii University Library Kisii University Library On Display 02/05/2026 111476   KF 4575 .W 45 1990 50765 02/05/2026 4 02/05/2026 Long Loan Book